<?xml version="1.0" encoding="UTF-8"?><?xml-stylesheet type="text/xsl" href="static/style.xsl"?><OAI-PMH xmlns="http://www.openarchives.org/OAI/2.0/" xmlns:xsi="http://www.w3.org/2001/XMLSchema-instance" xsi:schemaLocation="http://www.openarchives.org/OAI/2.0/ http://www.openarchives.org/OAI/2.0/OAI-PMH.xsd"><responseDate>2026-06-30T03:03:13Z</responseDate><request verb="GetRecord" identifier="oai:repisalud.isciii.es:20.500.12105/8933" metadataPrefix="marc">https://repisalud.isciii.es/rest/oai/request</request><GetRecord><record><header><identifier>oai:repisalud.isciii.es:20.500.12105/8933</identifier><datestamp>2024-09-27T08:00:04Z</datestamp><setSpec>com_20.500.12105_19604</setSpec><setSpec>com_20.500.12105_2051</setSpec><setSpec>col_20.500.12105_19605</setSpec></header><metadata><record xmlns="http://www.loc.gov/MARC21/slim" xmlns:dcterms="http://purl.org/dc/terms/" xmlns:doc="http://www.lyncode.com/xoai" xmlns:xsi="http://www.w3.org/2001/XMLSchema-instance" xsi:schemaLocation="http://www.loc.gov/MARC21/slim http://www.loc.gov/standards/marcxml/schema/MARC21slim.xsd">
   <leader>00925njm 22002777a 4500</leader>
   <datafield ind2=" " ind1=" " tag="042">
      <subfield code="a">dc</subfield>
   </datafield>
   <datafield ind2=" " ind1=" " tag="720">
      <subfield code="a">Fernandez-Jimenez, Rodrigo</subfield>
      <subfield code="e">author</subfield>
   </datafield>
   <datafield ind2=" " ind1=" " tag="720">
      <subfield code="a">Wang, Thomas J</subfield>
      <subfield code="e">author</subfield>
   </datafield>
   <datafield ind2=" " ind1=" " tag="720">
      <subfield code="a">Fuster, Valentin</subfield>
      <subfield code="e">author</subfield>
   </datafield>
   <datafield ind2=" " ind1=" " tag="720">
      <subfield code="a">Blot, William J</subfield>
      <subfield code="e">author</subfield>
   </datafield>
   <datafield ind2=" " ind1=" " tag="260">
      <subfield code="c">2019-12-17</subfield>
   </datafield>
   <datafield ind2=" " ind1=" " tag="520">
      <subfield code="a">Background Data are limited on use patterns of low-dose aspirin and its role for primary prevention of cardiovascular disease (CVD) in different racial and ethnic groups. Methods and Results Overall, 65 231 non-Hispanic black and white people aged 40 to 79 years with no history of CVD enrolled from 2002 through 2009 in the SCCS (Southern Community Cohort Study). At cohort entry, the simplified Framingham 10-year CVD risk was calculated, and data related to low-dose aspirin use and clinical and socioeconomic covariates were collected. Race- and ethnicity-specific adjusted odds ratios for characteristics of low-dose aspirin users and hazard ratios for ischemic cardiac death according to aspirin use were calculated using multivariate logistic and Cox regression models. Black participants were less likely to take low-dose aspirin compared with white participants, regardless of CVD risk and covariates (adjusted odds ratio: 0.79; 95% CI, 0.75-0.82). Over a median follow-up of 11.3 years, low-dose aspirin use was associated with a trend toward decreased risk of ischemic cardiac death in white participants (adjusted hazard ratio: 0.86; 95% CI, 0.68-1.10), especially in women (adjusted hazard ratio: 0.72; 95% CI, 0.51-1.02), but not in black participants (adjusted hazard ratio: 1.18; 95% CI, 0.98-1.40). Similar trends were observed when the analysis was restricted to high-risk individuals aged 50 to 69 or 50 to 59 years, ages for which guidelines consider aspirin for CVD primary prevention. Conclusions Low-dose aspirin use for primary prevention of CVD is lower among black than white patients. Its use might be associated with a disparate impact on ischemic cardiac death according to race and ethnicity. Although additional studies are required, these findings provide no evidence of a beneficial effect of aspirin among black patients for CVD primary prevention.</subfield>
   </datafield>
   <datafield ind1="8" ind2=" " tag="024">
      <subfield code="a">J Am Heart Assoc. 2019; 8(24):e013404</subfield>
   </datafield>
   <datafield ind1="8" ind2=" " tag="024">
      <subfield code="a">10.1161/JAHA.119.013404</subfield>
   </datafield>
   <datafield ind1="8" ind2=" " tag="024">
      <subfield code="a">2047-9980</subfield>
   </datafield>
   <datafield ind1="8" ind2=" " tag="024">
      <subfield code="a">2047-9980</subfield>
   </datafield>
   <datafield ind1="8" ind2=" " tag="024">
      <subfield code="a">Journal of the American Heart Association</subfield>
   </datafield>
   <datafield ind1="8" ind2=" " tag="024">
      <subfield code="a">31822218</subfield>
   </datafield>
   <datafield ind1="8" ind2=" " tag="024">
      <subfield code="a">http://hdl.handle.net/20.500.12105/8933</subfield>
   </datafield>
   <datafield tag="653" ind2=" " ind1=" ">
      <subfield code="a">Aspirin</subfield>
   </datafield>
   <datafield tag="653" ind2=" " ind1=" ">
      <subfield code="a">Ethnicity</subfield>
   </datafield>
   <datafield tag="653" ind2=" " ind1=" ">
      <subfield code="a">Ischemic heart disease</subfield>
   </datafield>
   <datafield tag="653" ind2=" " ind1=" ">
      <subfield code="a">Primary prevention</subfield>
   </datafield>
   <datafield ind2="0" ind1="0" tag="245">
      <subfield code="a">Low-Dose Aspirin for Primary Prevention of Cardiovascular Disease: Use Patterns and Impact Across Race and Ethnicity in the Southern Community Cohort Study</subfield>
   </datafield>
</record></metadata></record></GetRecord></OAI-PMH>